Journal of Canadian studies Revue d'études canadiennes.

Detalles Bibliográficos
Autor Corporativo: Trent University
Formato: Electrónico Revista
Lenguaje:inglés
francés
Publicado: Peterborough, Ont. : Trent University
Materias:
Acceso en línea:Full text available from Research Library: 04/01/1993 to 10/31/2015

MARC

LEADER 00000nas a2200000 a 4500
001 ssj0004791
003 WaSeSS
005 20200512172242.0
006 m d
007 cr n
008 050614c19669999onctr pss o 0 0eng c
010 |a  2009242251 
016 7 |a 2066542 8  |2 DE-600 
022 |a 1911-0251  |y 0021-9495 
035 |a (WaSeSS)ssj0004791 
040 |a OCLCS  |b eng  |c OCLCS  |d OCLCQ  |d TXJ  |d OCLCQ  |d OCLCS  |d MYG  |d OCLCQ  |d OCLCF  |d COO  |d VT2  |d OCLCQ  |d EZC  |d GILDS  |d OCLCO  |d AU@  |d WaSeSS 
041 0 |a eng  |a fre 
042 |a pcc 
043 |a n-cn--- 
050 1 4 |a F1001  |b .J68 
055 0 1 |a FC1 
082 0 4 |a 971/.005 
130 0 |a Journal of Canadian studies (Online) 
245 1 0 |a Journal of Canadian studies  |h [electronic resource] :  |b Revue d'études canadiennes. 
246 3 1 |a Revue d'études canadiennes 
260 |a Peterborough, Ont. :  |b Trent University 
310 |a Three times a year,  |b 2004- 
321 |a Quarterly,  |b -2003 
362 1 |a Began with: Vol. 1 (May 1966). 
506 |a License restrictions may limit access. 
515 |a None published for 2003. 
546 |a Includes some text in French. 
588 |a Description based on: Vol. 39, no. 1 (winter 2005); title from webpage (Project Muse, viewed July 29, 2009). 
588 |a Latest issue consulted: Vol. 42, no. 1 (winter 2008) (Project Muse, viewed July 29, 2009). 
651 0 |a Canada  |v Periodicals. 
651 6 |a Canada  |v Périodiques. 
651 6 |a Canada  |x Étude et enseignement  |v Périodiques. 
651 7 |a Canada.  |2 fast  |0 (OCoLC)fst01204310 
655 0 |a Electronic journals. 
710 2 |a Trent University. 
776 1 |t Journal of Canadian studies  |x 0021-9495  |w (DLC) 79644299  |w (OCoLC)816138 
856 4 0 |z Full text available from Research Library: 04/01/1993 to 10/31/2015  |u https://search.proquest.com/publication/32383